00809cam a22002173a 45000010005000000030006000050050017000110080041000280400015000690420007000840500007000911000041000982450215001392600029003545060030003835160020004136530014004336530075004478300028005228560041005505712PGUSA20140828083123.0040501s2004||||xxu|||||s|||||000 | eng d aPGUSAbeng adc 4aNB1 aJames, Juliet Helena Lumbard,d1864-10aSculpture of the Exposition Palaces and Courts :bDescriptive Notes on the Art of the Statuary at the Panama-Pacific International Exposition, San Franciscoh[electronic resource] /cJuliet Helena Lumbard James bProject Gutenberg,c2004 aPublic domain in the USA. aElectronic text aSculpture aPanama-Pacific International Exposition (1915 : San Francisco, Calif.) 0aProject Gutenbergv571240uhttp://www.gutenberg.org/ebooks/5712